000
00341nam a2200145Ia 4500
008
150201s1968 xx 000 0 und d
082
_a
612.015
_b
M1968H
100
_a
HERSKOWITZ H.
245
_a
MOLECULAR GENETICS
250
_a
1ST
260
_b
THOMAS NELSON
_a
DELHI
_c
1968
300
_a
1-302
650
_a
BIOCHEMISTRY
942
_2
ddc
_c
BK
999
_c
3237
_d
3237